000 00332nam a2200145Ia 4500
003 IN-BaIIA
005 20250701140815.0
008 211028s9999 xx 000 0 eng d
040 _cIIA Library
080 _a551.576.12
_bCLO
245 0 _aCloud forms 6th edition
260 _aLondon
_c1949
650 _aClouds
942 _cBK
_2ddc
999 _c1552
_d1552